000 00576nam a22002172 4500
001 0000003690
005 20151217145739.0
008 070514s xx 000 0 eng d
020 _a1403900558 :
_cKES 3,465
040 _aKABU
_cKABU
050 0 _aQC21.2
_b.B74 2003
100 1 _aBreithaupt, Jim.
_@0000153780
245 1 0 _aPhysics.
250 _a2nd ed.
260 _aNew York :
_bPalgrave Macmillan,
_c2003.
300 _axii, 484 p.
650 0 _aPhysics.
_@0000153778
908 _a070514
950 _@1
999 _c2216
_d2216